PSV Squad 2024-2025 - Statistics

General Stats
  • This quiz has been taken 197 times
    37 since last reset
  • The average score is 23 of 31
Answer Stats
# Position Nation Player % Correct
1 GK Argentina Walter Benítez
100%
11 FW Belgium Johan Bakayoko
96%
10 FW Netherlands Noa Lang
96%
9 FW Netherlands Luuk de Jong
92%
27 FW Mexico Hirving Lozano
88%
18 DF France Olivier Boscagli
88%
20 MF Netherlands Guus Til
85%
34 MF Morocco Ismael Saibari
85%
7 MF United States Malik Tillman
85%
14 FW United States Ricardo Pepi
85%
8 DF United States Sergiño Dest
85%
5 FW Croatia Ivan Perišić
81%
23 MF Netherlands Joey Veerman
81%
22 MF Netherlands Jerdy Schouten
77%
17 DF Brazil Mauro Júnior
77%
- Coach Netherlands Peter Bosz
77%
16 GK Netherlands Joël Drommel
73%
39 DF Burkina Faso Adamo Nagalo
69%
37 MF United States Richard Ledezma
69%
21 FW Morocco Couhaib Driouech
65%
6 DF Netherlands Ryan Flamingo
65%
4 DF Netherlands Armando Obispo
62%
19 FW Bosnia and Herzegovina Esmir Bajraktarević
62%
24 GK Netherlands Niek Schiks
62%
26 MF Netherlands Isaac Babadi
58%
28 MF Netherlands Tygo Land
58%
35 DF Norway Fredrik Oppegård
54%
32 DF Belgium Matteo Dams
54%
2 DF Netherlands Rick Karsdorp
54%
27 FW Spain Lucas Pérez
50%
3 DF Netherlands Tyrell Malacia
46%
No matching quizzes found
Score Distribution
Percent of People with Each Score
Percentile by Number Answered
Your Score History
You have not taken this quiz since the last reset